[Event "Leon"]
[Site "Leon"]
[Date "1995.??.??"]
[Round "1"]
[White "Sokolov, Ivan"]
[Black "Rivas Pastor, Manuel"]
[Result "0-1"]
[WhiteElo "2645"]
[BlackElo "2515"]
[Annotator "Stohl,I"]
[PlyCount "90"]
[EventDate "1995.05.??"]
[EventType "tourn"]
[EventRounds "9"]
[EventCountry "ESP"]
[EventCategory "14"]
[SourceTitle "CBM 048"]
[Source "ChessBase"]
[SourceDate "1995.10.01"]
[SourceVersion "1"]
[SourceVersionDate "1995.10.01"]
[SourceQuality "1"]

1. d4 {Baburin Romero Holmes} Nf6 2. Nf3 e6 3. Bg5 c5 4. e3 h6 (4... b6 $6 5.
d5 $1 $36 {()}) (4... Qb6 5. Qc1 Nc6 6. c3 h6 7. Bf4 Nh5 8. Bg3 Nxg3 9. hxg3 d5
10. Nbd2 Bd6 11. Bd3 cxd4 12. exd4 O-O 13. O-O e5 14. dxe5 Nxe5 15. Nxe5 Bxe5
16. Nf3 $2 Bxg3 17. Nd4 Be5 18. Qd2 Bxd4 19. cxd4 Re8 20. Rfe1 Bd7 $17 {
Colombo,A-Ivanov,I/New York op/1995/}) 5. Bh4 cxd4 (5... Qb6 6. Qc1 cxd4 7.
exd4 g5 8. Bg3 g4 9. Be5 gxf3 10. Bxf6 fxg2 11. Bxg2 Rg8 12. Be4 d5 $1 13. Bh7
Nd7 14. Bxg8 Nxf6 {[%csl Rg8] ץg8} 15. Rg1 Qxd4 16. Nc3 Bd7 17. Qe3 Qxe3+ 18.
fxe3 Bc5 19. Ke2 Ke7 20. Bxf7 Kxf7 21. Raf1 Be7 $19 {Sherbakov,V-Sakaev,K/St.
Petersburg op/1995/}) 6. exd4 b6 (6... Be7 7. Bd3 O-O 8. c3 b6 9. Qe2 Bb7 10.
Nbd2 Nc6 11. Bxf6 Bxf6 12. O-O-O g6 13. h4 Bg7 14. Kb1 Ne7 15. Ne4 Nd5 16. Qd2
d6 17. Bc2 Rc8 18. Rde1 Re8 19. Rh3 b5 20. h5 f5 21. hxg6 fxe4 22. Bxe4 Qf6 $17
{Sokolov,I-Karpov,An/Linares/1995/}) 7. Bd3 Bb7 8. O-O Be7 9. c4 (9. Qe2 Nd5 $5
10. Bxe7 (10. Bg3 $6 Nb4 $15) 10... Qxe7 $10 {[%cal Rd5f4,Gb7f3] /\Nf4,/^a8-h1}
) 9... O-O 10. Nc3 d5 11. Bxf6 (11. Qe2 dxc4 12. Bxc4 Nc6 13. Rad1 Nh5 $1 14.
Bg3 (14. Bxe7 Nxe7 $10) 14... Nxg3 15. hxg3 Na5 $132 (15... Nb4 $10)) 11...
Bxf6 12. cxd5 exd5 {[%csl Gb7,Gf6][%cal Yf3e5,Yf1e1] This type of position
usually arises from the Tartakover Queen's gambit. White has more active minor
pieces (/\Ne5) and some pressure against d5 and on the e- file, but the B give
Black counterplay.} 13. Re1 (13. Ne5 Nc6 $10) 13... Nc6 {[%csl Rd4] Also the
d4-pawn is sensitive.} 14. Bc2 Qd6 15. Qd3 (15. a3 Rfe8 16. Qd2 Na5 $132) 15...
g6 16. a3 Rfe8 17. h3 Bg7 {Baburin Often such positions with d4 & d5 pawns are
unpleasant for Black due to the passive light squared Bishop. In this game
White plays very energetically.} 18. b4 $6 {[%csl Rc4,Rc5,Rc6,Rc7,Rc8]
Overambitious and weakening,><c4,<->c.} (18. Bb3 $142 Na5 19. Ba2 Rac8 20. Re2
$10) 18... a5 $1 19. b5 Ne7 20. Ne5 Nf5 $36 {[%cal Rf5d4] /\Nd4} 21. f4 $8 (21.
Nf3 Rxe1+ 22. Rxe1 Qxa3 $17) 21... h5 22. Qd2 $6 (22. g4 $142 $5 $132) (22. Qd1
Rac8 $36) (22. g4 {Romero Holmes}) 22... Ng3 23. Re3 h4 24. Rae1 Re6 $36 25.
Nxf7 $2 (25. Qf2 Qxa3 $1 26. Nxd5 Qd6 $17 {/\} 27. Nxf7 Qxd5 28. Rxe6 Bxd4) (
25. Ne2 Ne4 $17) 25... Qxf4 $8 {[%csl Rg1][%cal Gf8f1] עg1,<->f} 26. Ne5 Bxe5
27. dxe5 Rf8 {[%cal Rd5d4,Re6e5,Rg3f1] /\d4,Nf1,Re5} 28. Nd1 (28. Nxd5 $2 Bxd5
29. Qxd5 Qxe3+ $1 30. Rxe3 Rf1+ 31. Kh2 Rh1#) (28. Ne2 Qf2+ 29. Kh2 d4 $19)
28... Nf1 $19 29. Rxf1 Qxf1+ 30. Kh2 Kg7 31. Bb3 (31. Rc3 Rxe5 32. Qd4 Qf4+ $19
) 31... Rf5 32. Bxd5 Qf4+ 33. Kg1 Bxd5 34. Qxd5 Rfxe5 35. Qd7+ Re7 36. Qd6 (36.
Qxe7+ Rxe7 37. Rxe7+ Kf6 38. Rb7 Qd4+ 39. Nf2 Qa1+ 40. Kh2 Qe5+ $1 41. Kg1 Qe1+
$19 {A nice zigzag maneuver.}) 36... Qf6 37. Qxf6+ $8 Kxf6 38. Rd3 Kg7 39. a4
Re4 40. Nc3 (40. Nb2 Rb4 41. Rd2 Re3 $19) 40... Re3 41. Rxe3 Rxe3 42. Nd5 Re6
43. Kf2 Rd6 44. Nf4 g5 45. Ne2 Rd3 {[%cal Rd3a3,Ra3a4] /\Ra3-a4} 0-1

[Event "Novgorod"]
[Site "Novgorod"]
[Date "1997.09.18"]
[Round "6"]
[White "Gelfand, Boris"]
[Black "Kasparov, Garry"]
[Result "0-1"]
[WhiteElo "2700"]
[BlackElo "2795"]
[Annotator "Stohl,I"]
[PlyCount "82"]
[EventDate "1997.06.11"]
[EventType "tourn"]
[EventRounds "10"]
[EventCountry "RUS"]
[EventCategory "19"]
[SourceTitle "CBM 060"]
[Source "ChessBase"]
[SourceDate "1997.09.29"]
[SourceVersion "1"]
[SourceVersionDate "1997.09.29"]
[SourceQuality "1"]

1. d4 {Huzman} Nf6 2. c4 e6 3. Nf3 b6 4. a3 {Kasparov himself played the
Petrosian system as White in the eighties, he did not sit often on the other
side of the board in his career.} c5 $5 {Ambitious. Black usually chooses
between} (4... Ba6 5. Qc2 Bb7 6. Nc3 c5 7. e4 cxd4 8. Nxd4 {and the even more
popular}) (4... Bb7 5. Nc3 d5 6. cxd5 (6. Qc2 $5)) 5. d5 {A Benoni-type
position arose with the moves b6 and a3. White's move is somewhat more to the
point (it stops Black's Q-side play, in some positions enables b4) so Black
must seek such a setup, in which b6 will be useful.} Ba6 6. Qc2 exd5 7. cxd5 g6
({It's not in Kasparov's nature to suffer for a pawn after} 7... Bb7 $6 8. e4
Qe7 9. Bd3 Nxd5 10. O-O Nc7 11. Bg5 $1 (11. Nc3 Qd8 12. Bc4 Be7 13. Be3 Ba6 14.
Bxa6 Nbxa6 15. Rad1 O-O 16. Qa4 Nb8 17. Rd2 a6 18. Rfd1 Qc8 19. e5 Ra7 20. h4
Rb7 21. Bg5 Re8 22. Qg4 $44 {Karpov,An-Ljubojevic,L/Monte Carlo act/1996/})
11... f6 12. Bf4 d6 13. Nc3 Nd7 14. b4 $1 g5 15. Bg3 Ne5 16. bxc5 bxc5 17. Bxe5
fxe5 18. Qa4+ Qd7 19. Qb3 Bc6 20. Nxg5 Bh6 21. Nf3 $16 {Sakaev,K-Ruban,V/
RUS-ch Elista/1995/}) 8. Nc3 {The usual move, but interesting is Krasenkov's
idea} (8. Bf4 d6 9. e4 $5 (9. Nc3 Bg7 10. Qa4+ Qd7 11. Bxd6 Qxa4 12. Nxa4 Nxd5
13. O-O-O Ne7 14. e4 Bxf1 15. Rhxf1 Nbc6 16. Nc3 {Kasparov,G-Gligoric,S/
Bugojno/1982/} Bxc3 $1 17. bxc3 Rd8 18. Bc7 Rd7 19. Bf4 f6 $11) 9... Bxf1 10.
Kxf1 Bg7 11. Nbd2 $5 O-O 12. Nc4 $14) 8... Bg7 9. g3 O-O 10. Bg2 d6 11. O-O Re8
(11... Nbd7 12. Qa4 $5 Bb7 13. Qh4 $36) 12. Re1 Nbd7 (12... Qc7 13. Bf4 Nh5 14.
Bd2 Nd7 15. Qa4 $5 Bb7 16. Qh4 a6 17. Rac1 b5 18. b4 Qd8 19. Bg5 f6 20. Bd2 f5
21. Bg5 Qb6 22. e4 cxb4 23. axb4 Rac8 {Kasparov,G-Fedorowicz,J/Graz/1981/} 24.
exf5 $1 $40) 13. h3 {Practice has shown this profylactic move, covering the g4
square and thus fighting for the central point e5,is best.} (13. Bf4 $143 $6
Qe7 14. e4 (14. h3 Ne4 $1 $15) 14... Ng4 15. Bg5 f6 16. Bf4 Nge5 17. Nxe5 Nxe5
18. Rad1 Qd7 19. b3 {Kramnik,V-Timman,J/Linares/1993/} Rac8 {[%cal Rc5c4] /
\c4|^}) 13... b5 {Best} (13... Ne5 $6 14. Nxe5 Rxe5 15. e4 Re7 16. Be3 $14 {
gives White a free hand in the center.}) 14. e4 Qc8 $1 $146 {[%cal Rb5b4] /\b4
An important novelty. The moves played until now all had some disadvantage.} (
14... Rc8 15. Be3 Qc7 (15... b4 16. axb4 cxb4 17. Rxa6 bxc3 18. Nd4 $1 $16 {
[%cal Rd4c6] /\Nc6}) 16. Bf1 Qb7 17. Bf4 Nh5 $6 (17... Bf8 $142) 18. Bxd6 b4
19. axb4 Bxf1 20. bxc5 Bxh3 21. c6 Qb6 22. cxd7 Bxd7 23. e5 $1 Bg4 24. Kg2 $16
{Van Wely,L-Kamsky,G/Amsterdam Donner/1996/}) (14... Qb6 15. Be3 (15. Bf4 $5)
15... Rac8 16. Bf1 {only transposes into the same position.}) 15. Bf4 {
Consistent, but Garry is prepared for this.} ({More refined is} 15. Bf1 $5 b4
16. Nb5 (16. Bxa6 $143 $6 Qxa6 17. Nb1 c4 $1 $17) (16. axb4 $2 Bxf1 $19 {
loses a piece.}) 16... Qb8 $142 (16... Bxb5 $6 17. Bxb5 $36) (16... b3 17. Qxb3
Bxb5 (17... Nxe4 $2 18. Rxe4 Rxe4 19. Nxd6 $18) (17... Rb8 18. Qa4 $16) 18.
Bxb5 Rxe4 19. Rxe4 Nxe4 20. Bc6 Rb8 21. Qa4 $36 {[%csl Ga3][%cal Ra4a7] /\Qa7,
o^a}) 17. Qa4 $5 (17. Nc7 $6 b3 $1 18. Qb1 (18. Nxa6 bxc2 19. Nxb8 Raxb8 $36 {
/\} 20. Bd3 Rb3) 18... Qxc7 19. Bxa6 Nxd5 $1 20. Bc4 (20. exd5 Rxe1+ 21. Nxe1
Qa5 $19) 20... N5b6 21. Bxb3 c4 $32 {|^}) (17. a4 $2 Bb7 18. Bf4 Bf8 {[%csl
Rb5][%cal Ra7a6] פb5,/\a6}) 17... Bb7 (17... Bc8 $5) 18. Bf4 Bf8 $1 (18...
Rxe4 $143 19. Bxd6 $16) (18... Nxe4 19. Nxd6 $1 $40) 19. axb4 Nxe4 20. Nxd6
Bxd6 21. Qxd7 Bxf4 22. gxf4 Rd8 $5 (22... Qxf4 23. Bg2 Reb8 $5 $13) 23. Qe7 $1
Re8 24. Qd7 $11) 15... b4 16. Na4 b3 $1 {A nice tactical shot, typical for
modern openings-fighting for the center from the flank.} (16... Bb5 {Huzman}
17. axb4 cxb4 18. Qb1 Qb8 (18... a5 19. Bxd6 (19. Nd4 Bxa4 20. Rxa4 Nc5) 19...
Qa6 20. e5 $1 Nxd5 21. Ng5 Bc6 22. Qd1 Qb5 23. Rc1 $16) 19. Nd4 Nxd5 20. Bxd6
Qxd6 21. Nxb5 Qb8 22. exd5 Qxb5 $11) 17. Qxb3 (17. Qb1 $143 $6 {[%csl Ra1]
צa1 Gelfand would certainly play this move, if his R was already on d1. Bur
now it's suspect, White's pieces are uncoordinated} Qc7 18. Nd2 (18. Nc3 Nb6 $1
{[%cal Rb6c4] /\Nc4} 19. Nd2 Nh5 $17) 18... Rab8 $36 (18... Nh5 19. Be3 Ne5 $5
$36)) 17... Nxe4 18. Qc2 (18. Nc3 $2 Rb8 19. Qc2 Rxb2 $1 $17) 18... Ndf6 {
Black broke up White's center and his pieces are very active. Obviously
dissatisfied with the course of the game, Gelfand makes a wild attempt to
utilized the exposed position of the Ne4. But this N is in reality very strong
and White only weakens his K-side.} 19. g4 $6 (19. Nd2 $142 $5 Nxd2 20. Qxd2
Qd7 21. Nc3 Rab8 {=/=/+}) (19. Nh2 $143 Qf5 20. f3 $2 Nxg3 $1) (19. Nh4 g5 $1
20. Bxe4 gxf4 (20... gxh4 $5) 21. Nf5 Nxe4 22. Rxe4 Be5 $15) (19. Ng5 $5 $11)
19... Qd7 20. g5 $6 (20. Ng5 $142 $5 $15) 20... Nh5 21. Bh2 {[%csl Ge4]} (21.
Rxe4 Rxe4 22. Qxe4 (22. Nxc5 Rc4 23. Qxc4 Bxc4 24. Nxd7 Nxf4) 22... Re8 23.
Nxc5 (23. Ne5 Bxe5 24. Bxe5 (24. Nxc5 Qc8 25. Nxa6 Bxb2 $19) 24... Rxe5 25. Qh4
Qf5 $19) 23... Rxe4 24. Nxd7 Rxf4 $5 $17 (24... Nxf4 25. Nf6+ Bxf6 26. gxf6
$132) (24... Nxf4 $17 {Huzman})) 21... f5 $1 $17 {[%csl Rf2,Rf3,Rg2,Rg3,Rh2,
Rh3][%cal Ya6b5,Yg7d4] ׻,/\Bb5,Bd4!?} (21... Qf5 {Huzman} 22. Nh4) 22. Nc3 (
22. gxf6 Nhxf6 $17) 22... Rab8 23. Rab1 Bxc3 $1 {[%csl Ge4,Rg2,Rh2] Kasparov's
strategy is to keep the tremendous N on e4 and hem in White's helpless ^^.} (
23... Rxb2 {Huzman} 24. Rxb2 Bxc3 25. Rxe4 fxe4 26. Qxc3 exf3 27. Bxf3 Qxh3 28.
Bxd6 Be2 $1 29. Rxe2 Rxe2 30. Bxc5 Re4 $1 31. Bb4 Rf4 $17) 24. bxc3 Rxb1 (24...
Bc4 $2 25. Rxb8 $1 Rxb8 26. Nd2 Nxd2 27. Qxd2 $36 {[%csl Rd6][%cal Re1e6] /
\Re6,><d6}) 25. Rxb1 Bc4 26. Nd2 $8 (26. Rd1 f4 $1 $17 {/\} 27. Re1 $2 Nxg5 $1
$19) (26. Re1 {Huzman} Bxd5 (26... Nxg5 27. Rxe8+ Qxe8 28. Bxd6 Ne4 29. Be5
Bxd5 30. c4 $44) 27. Nd2 Bc6 (27... Ng7 $5 $15) 28. Nxe4 d5 29. Qa2 Kh8 30. Qd2
fxe4 31. f3 $44) 26... Nxd2 (26... Bxd5 $6 27. Qd3 $132 {Kasparov's dosn't let
his opponent distract him from his strategic line by a miserable pawn.}) 27.
Qxd2 f4 $1 {[%csl Rh2][%cal Rd7f5] /\Qf5 Paralyzing Bh2} 28. Re1 (28. Bxf4 $2
Qf5) (28. h4 $2 Qg4 29. f3 Qxh4 $19) (28. Bf3 $143 Qf5 29. Re1 Qxg5+ 30. Bg4
Rf8 $5 $19) 28... Re5 $5 (28... Rf8 $143 29. Re4 $13) 29. Re4 $2 $138 {The
final mistake.} (29. Rxe5 dxe5 30. d6 {[%cal Rg2d5] /\Bd5} (30. Qe1 $17 {
Huzman Gelfand}) 30... Kf8 $1 31. Bf3 Ng7 32. Bg4 Nf5 33. Bxf5 gxf5 $19 {
[%csl Rh2] ץh2}) (29. h4 $142 $5 {[%cal Rg2f3] /\Bf3} Qf5 $142 $5 (29... Rxe1+
30. Qxe1 Qf7 31. Bf3 $13 (31. Qd1 $5 $132)) (29... Qg4 30. Rxe5 dxe5 (30... f3
31. Re8+ Kf7 32. Re7+ $1 $11) 31. d6 $1 f3 32. Bg3 Nxg3 33. fxg3 Be6 34. d7 $1
Bxd7 35. Qd5+ $11) 30. Rxe5 (30. Bf3 $2 Qd3 $1 31. Qd1 Qxf3 $1 $19) 30... dxe5
{[%cal Rf5b1] /\Qb1} 31. Qb2 (31. Qd1 Qd7 $17) 31... Qc8 $17 {and the position
is very similar to the 29.Re5 de5 line. White is still kicking, but with the
pathetic Bh2 he shouldn't be able to save the game.}) 29... Rxe4 30. Bxe4 Qxh3
{[%cal Rh3f1] /\Qf1#} 31. Bg2 (31. Qd1 Qh4 $19 {[%csl Rg5] ><g5}) 31... Qg4 32.
Qe1 Ng7 $1 (32... Bxd5 $6 33. Qe8+ Kg7 34. Qe7+ Bf7 35. Qxd6 $132 {/\} f3 $4
36. Be5+ $18) 33. f3 (33. Qb1 Bxd5 34. Qb8+ Kf7 35. Qc7+ Ke8 36. Qb8+ Kd7 37.
Qxa7+ Ke6 $19) 33... Qxg5 34. Qb1 Nf5 35. Qb8+ Kg7 36. Qxa7+ Kh6 37. Qf7 Bf1 $1
{Kasparov chooses the most direct and strongest continuation.} (37... Qh4 38.
Qe8 Bxd5 $19) (37... Ne3 $4 38. Bxf4 $18) 38. Kxf1 (38. Bxf4 Qxf4 39. Qf8+ Kh5
40. Bxf1 Qg3+ 41. Kh1 Ne3 $19) 38... Ne3+ 39. Ke1 Qh4+ $1 {White loses both B.}
40. Ke2 Qxh2 41. Kd3 Nf5 (41... Nxg2 $19) (41... Nf5 42. Bf1 Qf2 $19) 0-1

[Event "AUT-chT"]
[Site "Austria"]
[Date "1992.??.??"]
[Round "?"]
[White "Stohl, Igor"]
[Black "Farago, Ivan"]
[Result "1-0"]
[WhiteElo "2560"]
[BlackElo "2520"]
[Annotator "Stohl,I"]
[PlyCount "105"]
[EventDate "1992.??.??"]
[EventType "team"]
[EventRounds "11"]
[EventCountry "AUT"]
[SourceTitle "CBM 029"]
[Source "ChessBase"]
[SourceDate "1992.08.01"]
[SourceVersion "1"]
[SourceVersionDate "1992.08.01"]
[SourceQuality "1"]

1. c4 Nf6 2. d4 e6 3. Nf3 b6 4. a3 Ba6 5. Qc2 Bb7 6. Nc3 c5 7. dxc5 bxc5 8. Bf4
d6 (8... Be7 9. e3 O-O 10. Be2 Nh5 $6 11. Bg3 f5 12. Rd1 d6 13. Bxd6 $1 Bxd6
14. Nb5 Qa5+ 15. b4 cxb4 16. Nxd6 bxa3+ 17. Qd2 $1 $16 {Nikolic,P-Chandler,M,
Reykjavik WCup 1991-CBM 26}) 9. Rd1 Qb6 10. e3 (10. Nb5 $6 e5 11. Nxe5 (11. Bg5
Ne4 $36) 11... dxe5 12. Bxe5 Na6 13. Qa4 Qc6 $17) 10... Be7 11. Be2 (11. Nb5 $5
e5 $8 (11... Qa5+ 12. b4 $1 $16) 12. Bg5 Nbd7 13. Be2 {/\0-0,Nd2,Bf3><d5,d6})
11... O-O 12. O-O Nbd7 13. Rd2 Rfd8 14. Rfd1 Nf8 15. Ng5 Rd7 $1 {N} (15... Ne8
16. Bf3 $5 (16. h4 h6 17. Nf3 Nf6 $13) 16... e5 (16... Bxg5 17. Bxb7 $14) 17.
Nd5 Bxd5 18. Bxd5 exf4 19. Nxf7 Nf6 $8 20. Nxd8+ $5 (20. Nh6+ $10) 20... Nxd5
21. Rxd5 Rxd8 22. exf4 $14) (15... Ng6 16. Bg3 d5 17. cxd5 exd5 18. Bf3 Bc6 19.
h4 Qb7 20. Qf5 h6 21. Nxf7 $1 $18 {Portisch,L-Gulko,B,Reykjavik WCup 1991-CBM
26}) 16. Bf3 Bxf3 17. Nxf3 Ng6 $6 (17... h6 18. h3 Rad8 $10 {/\} 19. e4 e5 20.
Be3 Ne6 21. Nd5 Nxd5 22. Rxd5 Bg5 $1 $13) 18. Bg5 $36 Rad8 (18... h6 19. Bxf6
Bxf6 20. Ne4 Be7 21. b4 $1 cxb4 22. c5 $16) 19. h3 $1 (19. Bxf6 Bxf6 20. Ne4
Be7 21. Qa4 (21. b4 cxb4 22. c5 b3 23. Qb1 Qb8 $10) 21... f5 {<=>עg1}) 19...
h6 (19... Ne8 20. Bxe7 Nxe7 21. Ne4 $14) 20. Bxf6 Bxf6 21. Ne4 Be7 22. Qa4 f5 (
22... Rb7 $6 23. b4 cxb4 24. c5 $1 $16) (22... d5 23. cxd5 Rxd5 (23... exd5 24.
Nc3 $16 {><d5}) 24. Qc2 $14 {_|_׫}) (22... a5 23. Nc3 $36 {><b5} (23. Qb5 $5))
23. Ng3 (23. Nc3 Bf6 $132) 23... Rb7 (23... Bf6 24. Nh5 $5 (24. b4 Rb7 {
-23...Rb7}) 24... Be5 25. Nxe5 Nxe5 26. Nf4 Kf7 27. Qc2 $14 {/\e4}) (23... a5
$5 24. Ne2 $14) (23... f4 24. Qc2 $1 fxe3 25. fxe3 $36) 24. b4 $1 cxb4 (24...
Nh4 25. Nxh4 Bxh4 26. Ne2 cxb4 27. Nd4 $16) (24... Bf6 $142 $5 25. Rb1 (25. b5
a6 $1 $132) 25... cxb4 26. Rxb4 Qc7 27. Rxb7 Qxb7 28. c5 $1 $14) 25. Nd4 Nf8 $2
(25... d5 $8 26. Nc6 (26. cxd5 Rxd5 $1 27. Qe8+ Kh7 $15) 26... Rc8 27. cxd5 b3
$5 (27... exd5 28. Na5 $1 (28. Nxb4 Bxb4 29. axb4 f4 $1 $10) 28... Qa6 29. Nxf5
$16) (27... bxa3 28. Nxe7+ Nxe7 29. d6 Nd5 30. Qxa3 $1 $36 {/\Nf5} (30. Nxf5
exf5 31. Rxd5 Qb3 32. Qxb3 Rxb3 33. Ra5 $14)) 28. Nxe7+ Nxe7 29. d6 Nd5 (29...
Nc6 30. Qc4 $1 $16) (29... Ng6 30. d7 Rd8 31. Rd6 $36) 30. Nxf5 $1 b2 (30...
Nc3 31. Ne7+ Rxe7 32. dxe7 Nxa4 33. Rd8+ Rxd8 34. exd8=Q+ $8 Qxd8 35. Rxd8+ Kf7
36. Rd3 $18) (30... exf5 31. Rxd5 b2 32. d7 Rd8 33. Rb1 $16) 31. Rxd5 exd5 (
31... b1=Q 32. Ne7+ Rxe7 (32... Kh7 33. Nxc8 Q6b3 $8 34. Rxb1 Qxa4 35. Rxb7
exd5 36. d7 $18) 33. dxe7 exd5 34. e8=Q+ Rxe8 35. Qxe8+ Kh7 36. Rxb1 Qxb1+ 37.
Kh2 $16) 32. Ne7+ Rxe7 33. dxe7 Kf7 34. Qd7 (34. Qf4+ $2 Qf6 $1) 34... Re8 $132
) 26. axb4 $16 Qxb4 $6 (26... Rc8 27. b5 $16 {/\Nc6}) 27. Qxb4 Rxb4 28. Nc6
Rxc4 29. Nxe7+ $1 (29. Nxd8 Bxd8 30. Rxd6 Bb6 $16) 29... Kf7 30. Nexf5 exf5 31.
Nxf5 Kg6 32. g4 $1 $18 Rc7 (32... a5 33. Rxd6+ Rxd6 34. Rxd6+ Kf7 35. Ra6 $18)
33. Rxd6+ Rxd6 34. Rxd6+ Kh7 (34... Kf7 35. Ra6 $18 {/\Nd6-b5}) 35. Nd4 Nd7 36.
Ne6 Rc1+ $8 37. Kg2 Nc5 (37... Nb6 38. h4 {/\h5,Rd8->}) 38. Nxc5 Rxc5 39. Ra6
Rc7 40. h4 Re7 41. h5 Kg8 42. Kf3 Kf8 43. e4 Ke8 44. Ke3 Kd8 45. f4 Kc8 46. g5
hxg5 47. fxg5 Kb7 (47... Kd8 48. Kf4 $18 {/\Kf5-g6}) 48. Ra1 Kb6 49. h6 gxh6
50. gxh6 Rh7 51. Rh1 Kc5 52. Kf4 a5 53. Kf5 {[Stohl]} 1-0

[Event "EU-chT (Men) 21st"]
[Site "Heraklion"]
[Date "2017.11.06"]
[Round "9.2"]
[White "Parligras, Mircea Emilian"]
[Black "Salgado Lopez, Ivan"]
[Result "1-0"]
[WhiteElo "2616"]
[BlackElo "2629"]
[Annotator "Sukandar,I"]
[PlyCount "75"]
[EventDate "2017.10.28"]
[EventType "team-swiss"]
[EventRounds "9"]
[EventCountry "GRE"]
[SourceTitle "CBM 182"]
[Source "ChessBase"]
[SourceDate "2018.01.17"]
[SourceVersion "1"]
[SourceVersionDate "2018.01.17"]
[SourceQuality "1"]
[WhiteTeam "Romania"]
[BlackTeam "Spain"]
[WhiteTeamCountry "ROU"]
[BlackTeamCountry "ESP"]
[TimeControl "40/5400+30:1800+30"]

{In this game, I will not comment much about the openings, but here I just
wanted to show you how White smoothly carried out his attacking plan while
being attacked himself. An example of the importance of calculation!} 1. d4 {
[%emt 0:00:00]} Nf6 {[%emt 0:00:43]} 2. c4 {[%emt 0:00:00]} e6 {[%emt 0:00:11]}
3. Nf3 {[%emt 0:00:00]} b6 {[%emt 0:01:44]} 4. Bf4 {[%emt 0:01:51]} Bb4+ {
[%emt 0:02:25]} 5. Nfd2 {[%emt 0:00:06]} Nh5 {[%emt 0:00:02]} 6. Bg3 {[%emt 0:
00:24]} Nxg3 {[%emt 0:03:16]} 7. hxg3 {[%emt 0:00:05]} Bb7 {[%emt 0:00:08]} 8.
e3 {[%emt 0:01:49]} Bf8 {[%emt 0:01:17]} 9. Nc3 {[%emt 0:00:44]} g6 {[%emt 0:
00:26]} 10. Qc2 {[%emt 0:05:49]} Bg7 {[%emt 0:01:06]} 11. O-O-O {[%emt 0:00:49]
} Qe7 {[%emt 0:04:51]} 12. Kb1 {[%emt 0:02:06]} d6 {[%emt 0:07:30]} 13. Rh2 {
[%emt 0:03:22]} Nd7 {[%emt 0:03:29]} 14. Be2 {[%emt 0:00:17]} a6 {[%emt 0:02:
42]} 15. Bf3 {[%emt 0:03:07]} c6 {[%emt 0:01:16]} 16. g4 {[%emt 0:06:37]} Rb8 {
[%emt 0:08:32]} 17. Be2 {[%emt 0:10:07]} Rc8 {[%emt 0:08:18]} 18. f4 {[%emt 0:
01:27]} c5 {[%emt 0:01:29]} 19. dxc5 $6 {[%emt 0:01:00]} (19. d5 $1 exd5 (19...
O-O 20. dxe6 fxe6 21. Nde4) 20. Bf3 O-O (20... Qxe3 $2 21. g3 {[%cal Rh2e2]})
21. g5 Qxe3 22. Bxd5 Bxc3 23. Bxb7 Rc7 24. Rh3 Qe7 25. Qxc3 Rxb7 26. Rxh7 $18)
19... Nxc5 {[%emt 0:01:19]} 20. Bf3 {[%emt 0:21:17]} Bxf3 {[%emt 0:02:38]} (
20... b5 21. Bxb7 Nxb7 22. Rdh1 Kf8) 21. gxf3 {[%emt 0:02:02]} b5 {[%emt 0:02:
37]} 22. cxb5 {[%emt 0:03:34]} axb5 {[%emt 0:04:14]} 23. Nxb5 {[%emt 0:10:47]}
O-O {[%emt 0:01:49]} 24. Nc4 {[%emt 0:01:10]} Rb8 {[%emt 0:05:11]} 25. Nbxd6
$16 {[%emt 0:01:32] Besides being two pawns up, White also has an initiative
directed against Black's king on the h-file. However, Black has also tried to
create counterplay on the opposite side of the board, therefore White still
had to be careful.} Qa7 {[%emt 0:05:08]} 26. Rdh1 {[%emt 0:03:51]} Na4 {
[%emt 0:02:56]} 27. Rxh7 {[%emt 0:01:09]} Rfd8 {[%emt 0:11:14]} (27... Rxb2+ $2
{would not work because of} 28. Nxb2 Nc3+ 29. Kc1 Qxe3+ 30. Qd2 Nxa2+ 31. Kc2
Qxd2+ 32. Kxd2 Bxb2 33. g5 $16) 28. Qh2 {[%emt 0:05:49]} Nc3+ {[%emt 0:00:22]}
29. Kc1 {[%emt 0:02:42]} (29. Ka1 $4 {would be a rookie mistake.} Qxa2#) 29...
Nxa2+ {[%emt 0:00:21]} 30. Kd1 {[%emt 0:00:04]} ({Always avoid the king being
checked. Do not play} 30. Kd2 $2 {because} Rxb2+ 31. Nxb2 Rxd6+ 32. Nd3 Rxd3+
33. Kxd3 Qa6+ 34. Kd2 Bc3+ 35. Kc2 Qa4+ 36. Kd3 Qb5+ 37. Kc2 Qa4+ $11 {Forced
draw.}) 30... Nc3+ {[%emt 0:01:04] Desperate check.} 31. Kc2 {[%emt 0:08:09]
Oddly enough, the king is safe in the centre.} Qa4+ {[%emt 0:03:29]} 32. Kd3 {
[%emt 0:00:04]} Rxd6+ {[%emt 0:07:26]} 33. Nxd6 {[%emt 0:00:06]} Qa6+ {[%emt 0:
01:00]} 34. Nc4 {[%emt 0:00:04]} Rd8+ {[%emt 0:00:43]} 35. Kc2 {[%emt 0:00:05]
The king always had a precise escaping square for every check.} Kf8 {[%emt 0:
05:25]} (35... Qa4+ 36. b3 Qa2+ 37. Nb2 {and it's over.}) 36. Rxg7 {[%emt 0:00:
20]} Qxc4 {[%emt 0:00:05]} (36... Qa4+ 37. Kxc3) 37. Qh8+ {[%emt 0:00:22]} Ke7
{[%emt 0:00:01]} 38. Rxf7+ {[%emt 0:00:06]} 1-0